000
00320 a2200145 4500
001
178536
020
_a
040
_c
Magnum
100
_a
Junqueira, Sonia
240
1
0
_a
O peixinho que perdeu o inho
_l
por
245
1
0
_a
O peixinho que perdeu o inho
362
0
_a
1899
697
_a
MAGNITO: I/ANIMAIS
942
_c
BK
999
_c
178536
_d
178536